LEADER 01681nas a2200265 i 4500 001 000000002190 003 CaOOAMICUS 005 20220617135548.0 008 180830d19712108po fr p u0 0por r 022 $a0253-1674 040 $aSeMil$bita 245 00$aDidaskalia /$crevista de la Faculdade de Teologia de Lisboa. 260 $aLisboa :$bUniversidade Católica Portuguesa,$c1971-2018. 362 0 $a1971-2018 510 4 $aCod. rivista ACNP:$cP 241378 710 0 $aUniversidade Católica Portuguesa : Faculdade de Teologia .$0(OLS)http://semarc/name/1884 710 0 $aMinistério da Ciência, Tecnologia e Ensino Superior : Fundação para a Ciência e a Tecnologia.$0(OLS)http://semarc/name/1883 785 00$tEphata.$dLisboa : Universidade Católica Editora, 2019-$w()350535 850 $aSeMil 852 $aSeMil$W1$xVenegono$y1$pCliccare per visualizzare collocazione e posseduto cumulativo

Cliccare per visualizzare eventuali spogli (alla eventuale voce ?Indici? in fondo di pagina)$B227538$CSeMilBibl$Z2$F227538 $85 961 $aCambio. Scuola Cattolica 996 $6022$a0253-1674$9(OLS)http://semarc/number/232 996 $6245$aDidaskalia$9(OLS)http://semarc/title/3650 996 $6260$aLisboa :$bUniversidade Católica Portuguesa$9(OLS)http://semarc/publisher/30601 LEADER 01094nam a2200229 i 4500 001 000000049167 003 CaOOAMICUS 005 20130618000000.0 008 130618s1882 it u000 u ita u 013 $a20337 040 $aSeMil$bita 100 1 $aFrassinetti, Giuseppe.$0(OLS)http://semarc/name/4814 245 10$aCompendio della teologia morale di S. Alfonso M. de' Liguori /$ccon apposite note e dissertazioni per Giuseppe Frassinetti. 250 $a7. ed. riveduta dall'autore avanti la sua morte (avvenuta il 2 gennaio 1868). 260 $aGenova :$bTipografia Arcivescovile,$c1882. 300 $aXXIV, 1028 p. ;$c23 cm. 650 4$aLiguori, Alfonso Maria : de' - Teologia morale.$0(OLS)http://semarc/subject/1929 850 $aSeMil 852 $aSeMil$W1$xVenegono$y1$m2E II 7 FA$j15322$B15322$CSeMilBibl$Z2$F15322 $8I 961 $aLascito: Galli Emilio, prof. 996 $6245$aCompendio della teologia morale di S. Alfonso M. de' Liguori$9(OLS)http://semarc/title/37643 996 $6260$aGenova :$bTipografia Arcivescovile$9(OLS)http://semarc/publisher/40274